000 01343nam a2200313 i 4500
001 000021817
003 DO-SdBNP
005 20250822090033.0
007 ta
008 100913s1986 dr ac 001 0 spa d
040 _aDO-SdBNP
_bspa
_cBNPHU
_erda
082 4 _a269.2
_bF634i
_222
100 1 _aFlores Santana, Juan Antonio,
_d1927-
_eautor
_4aut.
_945319
245 1 3 _aLa isla Española, cuna de la evangelización en América :
_bprimicias en La Vega Real /
_cJuan Antonio Flores Santana.
264 1 _aLa Vega, República Dominicana :
_bObispado de la Vega,
_c1986.
300 _a242 páginas :
_bilustraciones, retratos ;
_c22 cm.
336 _atexto
_btxt
_2rdacontent
337 _asin mediación
_bn
_2rdamedia
338 _avolumen
_bnc
_2rdacarrier
500 _aV centenario de Evangelización
590 _aInventariado, 2018/ YL
650 4 _aEvangelización
_zLa Española. Haití y República Dominicana
_945320
650 4 _aClero
_919068
650 4 _aIglesia católica
_zLa Española Haití y República Dominicana
_xHistoria
_yColonia 1503-1844
_945321
651 4 _aLa Española Haití y República Dominicana
_xHistoria
_yDescubrimiento y conquista 1492-1503
_945322
651 4 _aLa Española Haití y República Dominicana
_xHistoria
_yColonia 1503-1844
_945323
910 _aValidado. Control de calidad
942 _2ddc
_cLBS1
999 _c21315
_d21315